MS WORD 6. Kompendium. : 3.Profesionální práce s dokumenty

Saved in:
Bibliographic Details
Main Author: Camarda, Bill (Author)
Format: Book
Language:Czech
Published: Brno : BEN - technická literatura, 1995
Tags: Add Tag
No Tags, Be the first to tag this record!

MARC

LEADER 00000nam a22000003a 4500
001 stu158261
005 20150617230009.6
008 080219s1995----xr------------------cze-d
040 |a STU  |b slo 
041 0 |a cze 
044 |a xr 
080 |a 004.383.1 
100 1 |a Camarda, Bill  |4 aut 
245 1 |a MS WORD 6. Kompendium. :  |b  3.Profesionální práce s dokumenty 
260 |a Brno :  |b BEN - technická literatura,  |c 1995 
300 |a 344 s 
996 |b 284J033009  |c J*92020  |l JJST  |s P  |a 0  |w stu158261_0001